| 000 | 00995cam a22002411i 4500 | ||
|---|---|---|---|
| 003 | SA-RiAUC | ||
| 005 | 20260330143115.0 | ||
| 008 | 260215s1900 ||| g 000 0 ara c | ||
| 040 |
_aEG-CaDAJ _bara _cSA-RiAUC _erda |
||
| 082 | 0 | 4 | _a257.1 |
| 090 |
_aم ن 257.1 _bب ر ك |
||
| 100 | 1 |
_aبركت زاده، عبد الله بن حسن، _d1260-1318 هجري _eمؤلف. |
|
| 245 | 1 | 0 |
_aالسياسة الشرعية في حقوق الراعي وسعادة الرعية / _cعبد الله جمال الدين أفندي. |
| 264 | 1 |
_a[مكان النشر غير محدد] : _b[الناشر غير محدد]، _c[1900] |
|
| 264 | 3 |
_aمصر : _bمطبعة الترقي |
|
| 300 |
_a204 صفحة؛ _c29 سم. |
||
| 336 |
_aنص _btxt _2rdacontent _3كتاب |
||
| 337 |
_aبدون وسيط _bn _2rdamedia |
||
| 338 |
_aمجلد _bnc _2rdacarrier |
||
| 650 | 7 |
_aالنظام السياسي في الإسلام _2aucsh |
|
| 942 |
_2ddc _cRBOOK COPY _n0 |
||
| 949 |
_aSA-JeALM _d260215 _umohamedma123 _n1 |
||
| 999 |
_c14704 _d14704 |
||